• 首页
  • 本馆介绍
  • 公告通知
  • 最新文献
  • 馆藏检索
  • 电子资源
  • 读者导购
  • 参考咨询
  • 我的图书馆
  • 登录
  • 详细信息显示
  • 放入我的书架
  • 预约/预借图书
  • 作者相关作品
  • 分类相关作品
  • 丛书相关作品
  • 出版社相关作品

书目信息

  • 表格格式
  • 工作单格式
  • 卡片格式
题名:
酒店宾馆主管职业化素养手册
    
 
作者: 李晟 编著
分册:  
出版信息: 北京   北京工业大学出版社  2012
页数: 258页
开本: 24cm
丛书名:
单 册:
中图分类: F719.1-62
科图分类:
主题词: 饭店--管理人员--培训--手册
电子资源:
ISBN: 978-7-5639-2874-3
000 00817nam0 2200229 45
001 1338864328
005 20130513173025.87
010    @a978-7-5639-2874-3@dCNY28.00
100    @a20130108d2012 em y0chiy50 ea
101 0  @achi
102    @aCN@b110000
105    @ay z 000yy
106    @ar
200 1  @a酒店宾馆主管职业化素养手册@AJiu Dian Bin Guan Zhu Guan Zhi Ye Hua Su Yang Shou Ce@f李晟编著@FLi Sheng Bian Zhu
210    @a北京@c北京工业大学出版社@d2012
215    @a258页@d24cm
330    @a酒店宾馆主管作为基础管理者,是酒店宾馆经营管理中起着至关重要的作用。本书系统介绍了酒店宾馆管理人员应该明确的规划、管理制度和相关规定。
606 0  @a饭店@x管理人员@x培训@j手册
690    @aF719.1-62@v5
701  0 @a李晟@ALi Sheng@4编著
801    @aCN@bTANGWEI@c20130108
905    @b0828846-50@dF719.1-62@e592@f5
    
    酒店宾馆主管职业化素养手册/李晟编著.-北京:北京工业大学出版社,2012
    258页;24cm
    
    
    ISBN 978-7-5639-2874-3:CNY28.00
    酒店宾馆主管作为基础管理者,是酒店宾馆经营管理中起着至关重要的作用。本书系统介绍了酒店宾馆管理人员应该明确的规划、管理制度和相关规定。
●
相关链接 在E读中查询图书 在五车中查询图书 在当当中查询图书 在豆瓣中查询图书


正题名:酒店宾馆主管职业化素养手册     索取号:F719.1-62/592         预约/预借

序号 登录号 条形码 馆藏地/架位号 状态 备注
1 0828846   208288468   第一样本阅览室/ [索取号:F719.1-62/592] 在馆    
2 0828847   208288477   第一借阅区/ [索取号:F719.1-62/592] 在馆    
3 0828848   208288486   第一借阅区/ [索取号:F719.1-62/592] 在馆    
4 0828849   208288495   第一借阅区/ [索取号:F719.1-62/592] 在馆    
5 0828850   208288501   第一借阅区/ [索取号:F719.1-62/592] 在馆    
唐山师范学院图书馆 欢迎您!
大连网信软件有限公司© 版权所有